Nová stratégia európskej únie a jej nástroje
Spoločný základný dokument ekonomického rozvoja EU v horizonte roku 2020 a ciele Lisabonskej stratégie, ktoré obsahujú súvislosti s ekonomickou krízou. Nová stratégia EU a nástroje na ich dosiahnutie. Nové rozvojové výzvy v EU založené na inováciách.
Salvato in:
| Autore principale: | |
|---|---|
| Natura: | Capitolo di libro |
| Lingua: | slovacco |
| Soggetti: | |
| Tags: |
Nessun Tag, puoi essere il primo ad aggiungerne!!
|
MARC
| LEADER | 00000nla$a2200000$$$4500 | ||
|---|---|---|---|
| 001 | 0120599 | ||
| 005 | 20240502072347.1 | ||
| 041 | 0 | |a slo | |
| 044 | |a SK | ||
| 245 | 1 | 0 | |a Nová stratégia európskej únie a jej nástroje |c Barbora Kovaříková |
| 520 | |a Spoločný základný dokument ekonomického rozvoja EU v horizonte roku 2020 a ciele Lisabonskej stratégie, ktoré obsahujú súvislosti s ekonomickou krízou. Nová stratégia EU a nástroje na ich dosiahnutie. Nové rozvojové výzvy v EU založené na inováciách. | ||
| 610 | 2 | 0 | |a Európska únia |
| 610 | 2 | 0 | |a stratégia hospodárska |
| 610 | 2 | 0 | |a stratégia inovačná |
| 610 | 2 | 0 | |a nástroje riadenia |
| 610 | 2 | 0 | |a makroekonomika |
| 610 | 2 | 0 | |a rozvoj trvalo udržateľný |
| 610 | 2 | 0 | |a spoločnosť vedomostná |
| 610 | 2 | 0 | |a spolupráca medzinárodná |
| 100 | 1 | |a Kovaříková, Barbora | |